000 00678nam a2200229Ia 4500
003 OSt
005 20221005133829.0
006 a|||||r|||| 00| 0
007 ta
008 221004b |||||||| |||| 00| 0 pan d
024 _a63395
037 _cTextual
040 _aCRL
_cCRL
_bpan
041 _2pan
_apan
082 _aO153,3x, M8
100 _aਭੁੱਲਰ, ਗੁਰਚਰਨ ਸਿੰਘ, ਂਚ.
_9156325
245 0 _aਮਾਨਸ ਕੀ ਜਾਤਿ
260 _c1998
650 _aਪੰਜਾਬੀ ਸਾਹਿਤ
942 _hO153,3x, M8
_cTEXL
_2cc
999 _c1068014
_d1068014